000 00392nam a2200145Ia 4500
008 231129s1999||||xx |||||||||||||| ||spa||
020 _a968-24-2723-1
040 _bspa
082 _a651.3741 A165d
100 _aAbuadili Nahúm Josefina
245 0 _aDesarrollo profesional de la secretaria
260 _c1999
264 _aTrillas
942 _2ddc
_cBKS
999 _c9050
_d9050